|
|
|
|
| LEADER |
000000000a22000000004500 |
| 001 |
001944 |
| 020 |
|
|
|a 9992610492
|
| 041 |
0 |
|
|a spa
|
| 082 |
0 |
4 |
|a Ho861.08
|b O98p
|
| 100 |
1 |
|
|a Oyuela, Mayra
|
| 100 |
1 |
|
|a Destéphen, Alberto
|
| 245 |
1 |
0 |
|a Poesía :
|b papel de oficio, número 5 /
|c Mayra Oyuela, Alberto Destéphen.
|
| 250 |
|
|
|a 1. edición
|
| 260 |
|
1 |
|a Tegucigalpa, Honduras :
|b Edicult,
|c 2005.
|
| 300 |
|
|
|a 34 páginas
|
| 500 |
|
|
|a Título tomado de la cubierta -- Edición conmemorativa del año iberoamericano de la lectura 2005
|
| 650 |
|
4 |
|a LITERATURA HONDUREÑA
|
| 650 |
|
4 |
|a POESIA
|
| 999 |
|
|
|c 8577
|d 8577
|
| 942 |
|
|
|c BK
|h Ho861.08 O98p
|2 z
|